Endocrinología
Guardat en:
| Autor principal: | |
|---|---|
| Format: | Llibre |
| Idioma: | espanyol |
| Publicat: |
Madrid
Prentice Hall
1997
|
| Matèries: | |
| Etiquetes: |
Afegir etiqueta
Sense etiquetes, Sigues el primer a etiquetar aquest registre!
|
MARC
| LEADER | 00000nam a2200000 a 4500 | ||
|---|---|---|---|
| 001 | UCL9236 | ||
| 003 | CL-VaPUC | ||
| 005 | 20210424001406.0 | ||
| 008 | 040730e19970000SP |||||||||||||||||spa|d | ||
| 999 | |c 310100 |d 310098 | ||
| 020 | |a 848966014X | ||
| 040 | |c Pontificia Universidad Católica de Valparaíso | ||
| 082 | 0 | 4 | |a 612.4 HAD 1997 |2 21 |
| 100 | 0 | |a Hadley, Mac E |9 487035 | |
| 245 | 1 | 0 | |a Endocrinología |
| 260 | |a Madrid |b Prentice Hall |c 1997 | ||
| 300 | |a 606 páginas | ||
| 583 | |a last modification |c 20040730 00:00:00 |k Rodrigo Vera | ||
| 650 | 7 | |a SISTEMA ENDOCRINO |2 CL-VaPUC |9 329871 | |
| 650 | 7 | |a FISIOLOGIA |2 CL-VaPUC |9 487036 | |
| 650 | 0 | |a Metabolismo |9 259893 | |
| 942 | |c BK |2 ddc | ||
| 945 | |d 20040730 00:00:00 |a cmena | ||
| 952 | |0 0 |1 0 |2 ddc |4 0 |6 612_400000000000000_HAD_1997 |7 0 |8 A |9 378187 |a BIBCUR |b BIBCUR |d 2019-11-21 |i 4040457 |o 612.4 HAD 1997 |p 4040457 |r 2025-04-22 |t 1 |w 2019-11-21 |y BK |k BIO | ||